000 00238nam a2200097Ia 4500
001 956009
005 20250826215816.0
008 250824s9999 xx 000 0 und d
245 0 _aKIYISIZLAR
_cKAHRAMAN TAZEOĞLU
260 _bDESTEK YAYINLARI
999 _c956009
_d956009